| 000 | 01852njm a2200361Ia 4500 | ||
|---|---|---|---|
| 001 | 23938 | ||
| 003 | IT-RoPAU | ||
| 005 | 20220918181155.0 | ||
| 008 | 131025s9999 xx 000 0 und d | ||
| 040 | _aIT-RoPAU | ||
| 040 | _cIT-RoPAU | ||
| 041 | _aITALIANO | ||
| 999 |
_c102466 _d102466 |
||
| 999 | _bn.d. | ||
| 100 |
_aAA.VV. _9794 |
||
| 100 |
_eAutore musica _97719 |
||
| 100 |
_gCodice autore musica SPICS: 12000 _9796 |
||
| 245 | _aCoro "Stella Alpina" (Lp 20041) | ||
| 250 | _a1a ed. | ||
| 260 | _aMILANO | ||
| 260 |
_bCOMBO RECORD _c1970 [1a Ed.:1970] |
||
| 300 | _aDISCO | ||
| 500 | _aCanti popolari. Canti di montagna. | ||
| 505 | _aMonte Nero (canto degli alpini) - Dove sei stato mio bell'alpino (canto degli alpini) - Sul ponte di Bassano (canto degli alpini) - Quel mazzolin di fiori (canto popolare lombardo) - O Dio del cielo (canto popolare lombardo) - Addio mia bella, addio (canto patriottico) - Dove te vett o Mariettina (canto popolare lombardo) - Monte Canino (canto degli alpini) - Il testamento del capitano (canto degli alpini) - Stelutis alpinis (canto friulano) - Vola vola vola - Monte Cauriol (canto degli alpini). | ||
| 511 | _aCoro Stella Alpina | ||
| 650 |
_aPOPOLARE [DISCHI] _eCodice MATERIA SPICS: 9950 _97720 |
||
| 700 |
_aCoro Stella Alpina di Somma Lombardo _dCodice interprete SPICS: 14064 _eInterprete _97721 |
||
| 700 |
_aAnonimo _dCodice autore musica SPICS: 2620 _eAutore musica _97722 |
||
| 700 |
_aZardini Arturo _dCodice autore musica SPICS: 14265 _eAutore musica _pStelutis alpinis _97723 |
||
| 700 |
_aAlbanese Francesco _dCodice autore musica SPICS: 13467 _eAutore musica _pVola vola vola _97724 |
||
| 700 |
_aDommarco _dCodice autore testo/musica SPICS: 14229 _eAutore testo/musica _pVola vola vola _97725 |
||
| 700 |
_aGraziola _dCodice autore musica SPICS: 26375 _eAutore musica _pMonte Cauriol _97726 |
||
| 942 |
_cMD _2ddc |
||